00474nam a2200157Ia 45000010006000000050017000060080041000230410008000640820024000721100039000962450128001352600009002633000028002726500008003006540008003082459320260414151054.0260414t2017||||xx |||||||||||||| ||spa|| aESP a345.721bB141 V. 37 aEstudio Mario Castillo FreyreeAUT 0aArbitraje :bactas del Tercer Congreso Internacional de Arbitraje y Conciliación de la Asociación Zambrano - Cusco 2015 c2017 a331 páginas :c24 cm. aDER aCDE